00550nam a2200181Ia 450000500170000000800410001702000340005804000130009208200130010510000170011824500410013525000180017626000470019430000420024149000210028352100130030465000510031720240906013048.0220630s9999 xx 000 0 und d a978 1 775 613 00 8qpaperback aDLCcDLC aJF MOST aMostert, Tim 0aUMANDELA EYUNIVESITHI /cTim Mostert aFirst edition a Centurion:bQualibooks Publishing,c2018 a 16 pages : billustrations ; c21 cm a Speedy & Madiba aJuvenile aIsiZulu LanguagevIllustrated children stories